Basic letter and memo writing

Bibliographic Details
Main Author: Vanhuss, Susie H
Format: Book
Published: Ohio : South-Western Publishing , 1993
Edition:3rd. ed
Subjects:

MARC

LEADER 00000cam a2200000 7i4500
001 0000000210
002 000000275
005 20000330.0
020 |a 0538613416 
090 0 0 |a 808.6   |b VAN 
100 1 |a Vanhuss, Susie H 
245 1 0 |a Basic letter and memo writing   |c Susie H Vanhuss 
250 |a 3rd. ed 
260 |a Ohio :   |b South-Western Publishing ,   |c 1993 
300 |a 223p. ;   |c 28cm. 
650 0 0 |a Commercial correspondence 
650 0 0 |a Letter writing 
999 |a 027929   |b BUKU   |c PINJAMAN   |e PERPUSTAKAAN KOMUNITI PETALING JAYA